Normal view
MARC view
Entry Topical Term
001 - CONTROL NUMBER
- control field: 1268614
003 - CONTROL NUMBER IDENTIFIER
- control field:
005 - DATE AND TIME OF LATEST TRANSACTION
- control field: 20210629124817.0
008 - FIXED-LENGTH DATA ELEMENTS
- fixed length control field: 210629|| aca||aabn | a|a d
040 ## - CATALOGING SOURCE
- Original cataloging agency:
- Transcribing agency:
150 ## - HEADING--TOPICAL TERM
- Topical term or geographic name entry element: Nutrition disorders
- General subdivision: Immunology
670 ## - SOURCE DATA FOUND
- Source citation: Work cat.: ()1335475: Chronic inflammation :, c2013
